000 00339nam a2200133Ia 4500
008 220216s9999 xx 000 0 und d
100 _aVorasirisunthorn A
245 0 _aAgricultural production in 1994/95
260 _bBangkok Bank Monthly Review
_c1995
300 _a14-21
500 _aSource Year: 1995
856 _uHOA
942 _cJS
999 _c53960
_d53960